40 años de ópera (Record no. 69068)

MARC details
000 -LEADER
campo de control de longitud fija 00655nam a2200193 i 4500
001 - NÚMERO DE CONTROL
campo de control 69068
003 - IDENTIFICADOR DE NÚMERO DE CONTROL
campo de control ES-MaACL
005 - FECHA Y HORA DE LA ÚLTIMA TRANSACCIÓN
campo de control 20230906170427.0
007 - CAMPO FIJO DE DESCRIPCIÓN FÍSICA--INFORMACIÓN GENERAL
campo de control de longitud fija t|
008 - DATOS DE LONGITUD FIJA--INFORMACIÓN GENERAL
campo de control de longitud fija 040908s2003 sp ||||1| spa d
080 ## - NÚMERO DE LA CLASIFICACIÓN DECIMAL UNIVERSAL
Número de la Clasificación Decimal Universal 792.54(460.27 M.)"19"
245 00 - MENCIÓN DEL TÍTULO
Título 40 años de ópera
Resto del título : de la Zarzuela al Real /
Mención de responsabilidad, etc. Amigos de la Opera de Madrid.
260 ## - PUBLICACIÓN, DISTRIBUCIÓN, ETC.
Lugar de publicación, distribución, etc. Madrid :
Nombre del editor, distribuidor, etc. Asociación de Amigos de la Opera de Madrid,
Fecha de publicación, distribución, etc. [2003]
300 ## - DESCRIPCIÓN FÍSICA
Extensión 277 p. :
Otras características físicas il. col. ;
Dimensiones 31 cm.
650 #4 - PUNTO DE ACCESO ADICIONAL DE MATERIA--TÉRMINO DE MATERIA
Término de materia o nombre geográfico como elemento de entrada Ópera-
Subdivisión geográfica Madrid-
Subdivisión cronológica S.XX.
9 (RLIN) 15713
710 2# - ENTRADA AGREGADA--NOMBRE DE ENTIDAD CORPORATIVA
Nombre de entidad corporativa o nombre de jurisdicción como elemento de entrada Asociación de Amigos de la Ópera de Madrid.
9 (RLIN) 1555
740 0# - ENTRADA AGREGADA--TÍTULO RELACIONADO/ANALÍTICO NO CONTROLADO
Título relacionado o analítico no controlado Cuarenta años de ópera.
852 ## - LOCALIZACIÓN
Ubicación ES-MaACL
Número de control de estantería L-28034
Sublocalización o colección R.133838
Holdings
Estatus retirado Estado de pérdida Estado de daño No para préstamo Biblioteca de origen Biblioteca actual Ubicación en estantería Fecha de adquisición Fuente de adquisición Total de préstamos Signatura topográfica completa Código de barras Visto por última vez Precio de reemplazo Tipo de ítem Koha
        Biblioteca del Ateneo de Madrid Biblioteca del Ateneo de Madrid Depósito 2 17/01/2008     L-28034 1072327 23/02/2023 23/02/2023 Libro impreso